| 000 | 00520nam a2200169Ia 4500 | ||
|---|---|---|---|
| 003 | GCL | ||
| 008 | 140319s9999 xx 000 0 ara d | ||
| 040 |
_aGCL / _cGCL |
||
| 082 | 0 | 4 |
_aد _b050 |
| 100 | 1 | _aعبدالرحمن محمد النجار | |
| 245 | 1 | 0 |
_aرحلة دينية الى افريقيا ( اقرا 512 ) / _cعبدالرحمن محمد النجار |
| 300 | _a283 ص | ||
| 490 |
_aوثائق ونصوص _v0 |
||
| 650 | 0 | 4 | _aافريقيا |
| 650 | 0 | 4 | _aالاسلام - افريقيا |
| 942 |
_2ddc _cCF |
||
| 999 |
_c27394 _d27394 |
||